Chov prasat /

Hlavní autor: Čechová, Marie
Další autoři: Mikule, Vladimír, 1971-, Tvrdoň, Zdeněk
Jazyk: Čeština
Vydáno: V Brně : Mendelova zemědělská a lesnická univerzita, 2003
Vydání: Vyd. 1.
Témata:
Externí odkaz: Digitalizovaný dokument
Fyzický popis: 120 s. : il. ; 29 cm
Knihy
Uloženo v:
LEADER 01844nam a2200433 a 4500
001 000697448
003 CZ BrMZK
005 20090805140020.0
007 ta
008 031120s2003 xr a e p 000 0 cze d
015 |a cnb001295240 
020 |a 80-7157-720-0  |q (brož.) 
035 |a (OCoLC)56856732 
040 |a BOA001  |b cze 
072 7 |a 636  |x Chov zvířat. Živočišná výroba  |2 Konspekt  |9 24 
072 7 |a 37.016  |x Učební osnovy. Vyučovací předměty. Učebnice  |2 Konspekt  |9 22 
080 |a 636.4  |2 MRF 
080 |a 636.08  |2 MRF 
080 |a (075.8)  |2 MRF 
100 1 |a Čechová, Marie  |7 jn19981002547  |4 aut 
245 1 0 |a Chov prasat /  |c Marie Čechová, Vladimír Mikule, Zdeněk Tvrdoň 
250 |a Vyd. 1. 
260 |a V Brně :  |b Mendelova zemědělská a lesnická univerzita,  |c 2003 
300 |a 120 s. :  |b il. ;  |c 29 cm 
500 |a 230 výt 
504 |a Obsahuje bibliografii 
521 |a Určeno pro posluchače AF 
650 0 7 |a prasata  |7 ph115875  |2 czenas 
650 0 7 |a chov hospodářských zvířat  |7 ph119201  |2 czenas 
655 7 |a učebnice vysokých škol  |7 fd133772  |2 czenas 
700 1 |a Mikule, Vladimír,  |d 1971-  |7 xx0035180  |4 aut 
700 1 |a Tvrdoň, Zdeněk  |7 ola2009507849  |4 aut 
856 4 1 |u http://www.digitalniknihovna.cz/mzk/uuid/uuid:2c2fc9e0-d414-11e2-8c80-005056827e52  |y Digitalizovaný dokument  |x NDK 
910 |a BOA001  |b 3-1125.925 
990 |a BK 
996 6 |b 2610202892  |c 3-1125.925  |l MZK  |r Sklad / do 1 hodiny  |n 10  |p p.v.  |w 000697448  |u 000010  |a 1  |e BOA001  |j MZK50  |s P 
996 7 |b 2610202893  |c 3-1125.925  |l MZK  |r Sklad / do 1 hodiny  |n 33  |p kup  |w 000697448  |u 000020  |a 1  |e BOA001  |j MZK50  |s A 
996 7 |b 2610202894  |c 3-1125.925  |l MZK  |r Sklad / do 1 hodiny  |n 35  |p kup  |w 000697448  |u 000030  |a 1  |e BOA001  |j MZK50  |s A 
996 7 |b 2610202895  |c 3-1125.925  |l MZK  |r Sklad / do 1 hodiny  |n 37  |p kup  |w 000697448  |u 000040  |a 1  |e BOA001  |j MZK50  |s A